00414 2200157 4500001002100000005001500021035002000036245006500056100002100121300001200142260004600154082000800200084001400208020002200222990001200244INLIS00000000000252020250604114511 a0010-06250001061 aSuper Modul KSN Geografi 2 :bGeografi 2 /cRonaldo Abubakar0 aRonaldo Abubakar a161 hlm aJakarta :bPT. Jakarta Sains Media,c2022 a900 a900 RON s a978-623-6111-37-6 a0754857